| 000 | 00631nam a22001935i 4500 | ||
|---|---|---|---|
| 001 | 155281 | ||
| 003 | ES-MaACL | ||
| 005 | 20250803063058.0 | ||
| 008 | 991116s1895 sp |||| | spa d | ||
| 040 |
_aM-RAJU _bspa _cM-RAJU _dCCPB | B |
||
| 100 | 1 |
_aHeredia, Narciso de Heredia, _cMarqués de, _d1832-1912 _9127878 |
|
| 245 | 1 | 0 |
_aVerdades en pocas palabras / _cpor el Marqués de Heredia. |
| 250 | _a2ª ed. | ||
| 260 |
_aBilbao : _b[s.n.], _c1895 ( _fImp. La Propaganda) |
||
| 300 |
_a223 p. ; _c14 cm. |
||
| 650 | 7 |
_aEsgrima _2embne _912459 |
|
| 852 |
_aES-MaACL _jF-1192 _z-- Enc. tela |
||
| 999 |
_c155281 _d155281 |
||